MARC

LEADER 00000nam0a2200000 4500
001 63382
005 20231031064234.0
035 |a (RuTPU)RU\TPU\book\67270 
090 |a 63382 
100 |a 20040511d1985 m y0rusy50 ca 
101 1 |a rus  |c fre 
102 |a RU 
105 |a a z 000gy 
200 1 |a Избранная поэзия  |e пер. с фр.  |f П. Ронсар 
210 |a Москва  |c Художественная литература  |d 1985 
215 |a 367 с.  |c ил. 
610 1 |a поэзия 
610 1 |a поэты 
610 1 |a французская литература 
610 1 |a французская поэзия 
610 1 |a лирика 
675 |a 84  |v 3 
700 1 |a Ронсар  |b П.  |g Пьер 
801 1 |a RU  |b 63413507  |c 20040511  |g PSBO 
801 2 |a RU  |b 63413507  |c 20180419  |g PSBO 
942 |c BK